| 000 | 00422nam a2200157Ia 4500 | ||
|---|---|---|---|
| 005 | 20250401114541.0 | ||
| 008 | 231217s9999 xx 000 0 und d | ||
| 020 | _a9788131413753 | ||
| 082 | _a348.02 SUD;1 R | ||
| 100 | _aSudarshan, N ed. | ||
| 245 | 0 | _aData privacy and protection : issues and perspectives | |
| 260 |
_c2008 _bIcfai _aHyderabad |
||
| 300 | _aix, 208 | ||
| 650 | _aprivacy,protection | ||
| 942 | _cAA | ||
| 999 |
_c189436 _d189436 |
||